Các loại rau củ giàu dinh dưỡng

Guardat en:
Dades bibliogràfiques
Autor principal:  Đặng Châu Linh
Format: Sách
Idioma:Undetermined
Publicat:  Nxb. Hà Nội  2008
Matèries:
Etiquetes: Afegir etiqueta
Sense etiquetes, Sigues el primer a etiquetar aquest registre!
Thư viện lưu trữ: Trung tâm Thư viện - Trường Đại học Công nghiệp TP. Hồ Chí Minh
LEADER 00502nam a2200157Ia 4500
001 UIH_05895
008 231011s9999 xx 000 0 und d
082 |a  641.63 
100 |a  Đặng Châu Linh 
245 0 |a  Các loại rau củ giàu dinh dưỡng 
245 0 |c  Đặng Châu Linh 
260 |b  Nxb. Hà Nội 
260 |c  2008 
650 |a  Thực phẩm;  
927 |a Sách 
980 |a Trung tâm Thư viện - Trường Đại học Công nghiệp TP. Hồ Chí Minh